|
|
|
|
| LEADER |
00000nab a2200000uu 4500 |
| 001 |
vtls011448306 |
| 003 |
SK-MaSNL |
| 005 |
20260303151339.0 |
| 008 |
230222|1976 xo |||||||||||||||||slo| |
| 015 |
|
|
|a SNBRB
|
| 035 |
|
|
|a (urnnbn)urn:nbn:sk:snk:ar-005eo7
|
| 035 |
|
|
|a (uuid)f48db6bd-c2dc-4e61-bf3b-4580f9184a4b
|
| 035 |
|
|
|a urn:nbn:sk:snk-abckzd
|
| 040 |
|
|
|a SNKBUCL
|b slo
|c SNKBUCL
|e AACR2
|
| 041 |
0 |
|
|a slo
|
| 044 |
|
|
|a xo
|c SK
|
| 100 |
1 |
|
|a (ml)
|4 aut
|9 6390
|
| 245 |
1 |
0 |
|a Piezoelektrické tlačidlo
|c (Ml{Rpara}
|
| 773 |
0 |
|
|t Technická práca : časopis Ústřední rady Čs. vědecko-technické společnosti
|g Roč. 28, č. 4 (1976), s. 59
|
| 954 |
|
|
|a odborná, vedecká literatúra pôvodná (slovenská)
|2 lita
|
| 958 |
|
|
|a OND
|
| 958 |
|
|
|a EUIPO
|
| 958 |
|
|
|a article16
|
| 999 |
|
|
|c 2017201
|d 2019131
|